00452nam a2200169Ia 4500003000400000005001700004008004100021020001800062050002800080100002600108245005900134260003500193300003300228440000600261521000700267526000800274OSt20140507094632.0140130s9999 xx 000 0 und d a9780439693172 aPZ 8.3b.St78255Ti 1998 aStamper, Judith Bauer aTic-tac-toe :bthree in a row /cJudith Bauer Stamper. bScholastic,c1998.aNew York : a24 p. :bcol. ill. ;c23 cm. v1 aG1 c140